000 00853nam2a22002651 4500
001 RU\NLR\INFOCOMM55\5000155885
005 20250617120038.0
035 _a(NLR Aleph) 002587249
090 _a3328931
_c3328931
100 _a20041020d1976 |||y0rusy50 ca
101 0 _arus
_aeng
102 _aRU
105 _ay ||||000|y
200 1 _aEigehvalues of the Faddeev eguation kernel for a system of three spinless particles
_fV.B. Beljaev, K. Möller
210 _d1976
_aБ. м.
461 0 _1001RU\NLR\INFOCOMM15\1000176112
_12001#$aИздания$fОбъедин. ин-т ядерных исследований$vE4-9601
700 1 _aBeljaev
_bV.B.
_4070
701 1 _aMöller
_bK.
_4070
801 1 _aRU
_bInfoComm
_c20041227
801 0 _aRU
_bNLR
_gPSBO
852 _aNLR
_jП11/2061
942 _cISSUE
980 _aNB
980 _aRUSPER